| 000 | 00000nam##2200000za#4500 |
| 001 | 9.626719 |
| 003 | CaOODSP |
| 005 | 20210615104705 |
| 007 | ta |
| 008 | 150406|2004||||xxc||||| f|0| 0 fre|d |
| 040 | |aCaOODSP|bfre |
| 043 | |an-cn--- |
| 086 | 1 |aNH18-22/104-123F |
| 110 | 2 |aSociété canadienne d'hypothèques et de logement. |
| 245 | 10|aÉvaluation des effets de l'épaisseur du parement en stucco sur sa performance |
| 260 | |bSociété canadienne d'hypothèques et de logement |c2004. |
| 300 | |a3p. : |btableaux ; |c28 cm. |
| 490 | 1 |aLe point en recherche. Série technique |v04-123 |
| 520 | 3 |aCes rapports techniques résument un large éventail d’études, de rapports et d’ouvrages divers relatifs au logement. Ils se penchent sur des questions aussi diversifiées que l’aménagement paysager à peu d’entretien dans le Nord; les possibilités d’action pour obtenir des environnements intérieurs sains; et divers aspects de la performance des installations, comme la performance de l’enveloppe de tours d’habitation, la performance de divers matériaux de construction, et l’évaluation de la performance d’installations de chauffage urbain. |
| 563 | |aDépliant |
| 590 | |a04-41|b2004-10-08 |
| 775 | 08|tAssessing the impact of thickness on the performance of stucco cladding |w(CaOODSP)9.617094 |
| 776 | 0#|tÉvaluation des effets de l'épaisseur du parement en stucco sur sa performance |w(CaOODSP)9.608022 |
| 830 | #0|aLe point en recherche. Série technique ;|v04-123|w(CaOODSP)9.513179 |